000
00249nam a2200097Ia 4500
008
230907s9999||||xx |||||||||||||| ||und||
082
_a
388.04
_b
INT
245
0
_a
Intercity transport and climate change :
300
_a
vol.15; 280 pages.
942
_c
BK
999
_c
599330
_d
599330